Mechanical metallurgy / (Record no. 4962)

MARC details
000 -LEADER
fixed length control field 01156nac a22002411u 4500
008 - FIXED-LENGTH DATA ELEMENTS--GENERAL INFORMATION
fixed length control field 120202t xxu||||| |||| 00| 0 eng d
010 ## - LIBRARY OF CONGRESS CONTROL NUMBER
LC control number 85018229
020 ## - INTERNATIONAL STANDARD BOOK NUMBER
International Standard Book Number 0070168938
082 00 - DEWEY DECIMAL CLASSIFICATION NUMBER
Classification number 620.163
Item number D565
100 ## - MAIN ENTRY--PERSONAL NAME
Personal name Dieter, George Ellwood
9 (RLIN) 28584
245 10 - TITLE STATEMENT
Title Mechanical metallurgy /
Statement of responsibility, etc George E. Dieter.
250 ## - EDITION STATEMENT
Edition statement Si Metric ed.
260 ## - PUBLICATION, DISTRIBUTION, ETC. (IMPRINT)
Place of publication, distribution, etc New York :
Name of publisher, distributor, etc McGraw-Hill,
Date of publication, distribution, etc c1986.
300 ## - PHYSICAL DESCRIPTION
Extent xxiii, 751 p. :
Other physical details ill. ;
Dimensions 24 cm.
440 #0 -
-- McGraw-Hill series in materials science and engineering
-- 28585
504 ## - BIBLIOGRAPHY, ETC. NOTE
Bibliography, etc Includes bibliographies and indexes.
650 #0 - SUBJECT ADDED ENTRY--TOPICAL TERM
Topical term or geographic name as entry element Strength of materials.
9 (RLIN) 28586
650 #0 - SUBJECT ADDED ENTRY--TOPICAL TERM
Topical term or geographic name as entry element Physical metallurgy.
9 (RLIN) 28587
856 41 - ELECTRONIC LOCATION AND ACCESS
Materials specified Table of contents
Uniform Resource Identifier <a href="http://www.loc.gov/catdir/toc/mh023/85018229.html">http://www.loc.gov/catdir/toc/mh023/85018229.html</a>
942 ## - ADDED ENTRY ELEMENTS (KOHA)
Item type Book - Borrowing
Call number prefix 620.163D565
Source of classification or shelving scheme Dewey Decimal Classification
Holdings
Withdrawn status Item status Source of classification or shelving scheme Materials specified (bound volume or other part) Damaged status Not for loan Vendor Home library Current library Shelving location Date acquired Source of acquisition Total Checkouts Total Renewals Full call number Barcode Date last seen Date last borrowed Koha item type Cost, replacement price
  Lost Dewey Decimal Classification Lost In Inventory_2005-2015/8/22       Central Library Central Library First floor 03/10/2007   20 9 620.163 DIE 000006024 16/06/2014 16/06/2014 Book - Borrowing  
    Dewey Decimal Classification         Central Library Central Library First floor 03/10/2007 Purchase 12   620.163 DIE 000006025 15/07/2025 10/10/2011 NB - Book (Non borrowing)  
    Dewey Decimal Classification         Central Library Central Library First floor 03/10/2007   11 82 620.163 DIE 000001620 15/07/2025 23/02/2020 Book - Borrowing 1240.00